Pokémon - Attacken von Porenta in SD/LP - Statistiken

Allgemein
  • Dieses Quiz wurde 3 mal gespielt
  • Das Durchschnittsergebnis liegt bei 21 aus 49
Antwortstatistiken
Antwort % Korrekt
Aero-Ass
100%
Fliegen
100%
Luftschnitt
100%
Pikser
100%
Schwerttanz
100%
Silberblick
100%
Sonnentag
100%
Sturzflug
100%
Trugschlag
100%
Zerschneider
100%
Abschlag
50%
Auflockern
50%
Dreschflegel
50%
Erholung
50%
Fassade
50%
Gifthieb
50%
Himmelsfeger
50%
Kehrtwende
50%
Kraftschub
50%
Lehmschelle
50%
Nachthieb
50%
Pflücker
50%
Raub
50%
Ruheort
50%
Sandwirbel
50%
Schlafrede
50%
Schlitzer
50%
Schutzschild
50%
Stahlflügel
50%
Windschnitt
50%
Windstoß
50%
Zornklinge
50%
Agilität
0%
Angeberei
0%
Anziehung
0%
Ausdauer
0%
Bezirzer
0%
Daunenreigen
0%
Delegator
0%
Doppelteam
0%
Eisenschweif
0%
Fluch
0%
Laubklinge
0%
Offenlegung
0%
Psycho-Plus
0%
Ruckzuckhieb
0%
Vergeltung
0%
Wagemut
0%
Wankelstrahl
0%
Keine übereinstimmenden Quizze gefunden
Verteilung der Resultate
Anzahl Personen mit jedem Resultat
Perzentil nach korrekt beantworteten Fragen
Ihre Resultats-Entwicklung
Sie haben dieses Quiz noch nicht gespielt